000 00805cam a22002174a 4500
005 20250605164030.0
008 250528s ||||||||||||||||||||||||d
035 _a16598
020 _a394336984
040 _aGR-AtMCL
_bgre
_dGR-AtMCL
_eAACR2
245 1 _aInteraction I / A Reading Skills Book
250 _a1st
260 _bRandom House,
_c1985
300 _a208
520 _aCollege Life, Nature, Living to Eat or Eating to Live?, Getting Around the Community, Housing and the Family, Emergencies and Strange Experiences, Health and Illness, Television and the Media, Friends and Social Life, Customs and Celebrations and Holidays, Recreation, You and the Consumer.
700 1 _aHartmann Pamela
_92686
700 1 _aKirn Elaine
_92687
942 _cBK
999 _c2080
_d2080